• 首页
  • 本馆介绍
  • 公告通知
  • 最新文献
  • 馆藏检索
  • 电子资源
  • 读者导购
  • 参考咨询
  • 我的图书馆
  • 登录
  • 详细信息显示
  • 放入我的书架
  • 预约/预借图书
  • 作者相关作品
  • 分类相关作品
  • 丛书相关作品
  • 出版社相关作品

书目信息

  • 表格格式
  • 工作单格式
  • 卡片格式
题名:
园艺是最好的亲子游戏
    
 
作者: 布朗 著 ;王敏 译
分册:  
出版信息: 北京   北京联合出版公司  2015
页数: 134页
开本: 22×22cm
丛书名:
单 册:
中图分类: G78 , S68
科图分类:
主题词: 亲子关系--家庭教育 , 观赏园艺--基本知识
电子资源:
ISBN: 978-7-5502-5437-4
000 01421nam0 2200289 450
001 012015000024
005 20151130084608.60
010    @a978-7-5502-5437-4@dCNY68.00
100    @a20150920d2015 em y0chiy50 ea
101 1  @achi@ceng
102    @aCN@b110000
105    @aa z 000yy
106    @ar
200 1  @a园艺是最好的亲子游戏@Ayuan yi shi zui hao de qin zi you xi@dGardening lab for kids@f(美)勒娜特·福森·布朗(Renata Fossen Brown)著@g王敏译@zeng
210    @a北京@c北京联合出版公司@d2015
215    @a134页@c图,照片@d22×22cm
314    @a勒娜特·福森·布朗 (Renata Fossen Brown),女,主管教育的克利夫兰植物园副园长。布朗拥有托莱多大学的生物学学士学位,并在皮奥利亚的布莱德利大学获得了课程与教学专业的文学硕士学位。布朗是土生土长的克利夫兰人,2004年,在离开故土15年后,她欣然回到了自己的家乡。2004年12月,她被任命为植物园主管教育的负责人。
330    @a本书提供了52个创新有趣的园艺实验,设置为全年52周的活动课程,从学习地图认识自己所在地的环境开始,通过种子、土壤和肥料,以园林艺术来改善周围的生活环境。作者创造了一个有趣的机会,让小读者和全家人一起学习生态学、植物学,了解季节、食物、昆虫和烹饪。
510 1  @aGardening lab for kids@zeng
606 0  @a亲子关系@x家庭教育
606 0  @a观赏园艺@x基本知识
690    @aG78@v5
690    @aS68@v5
701  1 @c(美)@a布朗@Abu lang@c(Brown, Renata Fossen)@4著
702  0 @a王敏@Awang min@4译
801  0 @aCN@b碧洲教育@c20151127
905    @a10447@f3@dG78@e282
    
    园艺是最好的亲子游戏=Gardening lab for kids/(美)勒娜特·福森·布朗(Renata Fossen Brown)著/王敏译.-北京:北京联合出版公司,2015
    134页:图,照片;22×22cm
    
    
    ISBN 978-7-5502-5437-4:CNY68.00
    本书提供了52个创新有趣的园艺实验,设置为全年52周的活动课程,从学习地图认识自己所在地的环境开始,通过种子、土壤和肥料,以园林艺术来改善周围的生活环境。作者创造了一个有趣的机会,让小读者和全家人一起学习生态学、植物学,了解季节、食物、昆虫和烹饪。
●
相关链接 在E读中查询图书 在五车中查询图书 在当当中查询图书 在豆瓣中查询图书


正题名:园艺是最好的亲子游戏     索取号:G78/282         预约/预借

序号 登录号 条形码 馆藏地/架位号 状态 备注
1 0871656   208716567   第一样本阅览室/ [索取号:G78/282] 在馆    
2 0871657   208716576   第四借阅区/ [索取号:G78/282] 在馆    
3 0871658   208716585   第四借阅区/ [索取号:G78/282] 在馆    
唐山师范学院图书馆 欢迎您!
大连网信软件有限公司© 版权所有